Mitos griegos /

Guardado en:
Autor Principal: Osborne, Mary Pope
Otros Autores: Amorocho, Luz, trad., Rodríguez, Patricia, il.
Formato: Libro
Publicado: Colombia : Norma, 2004.
Edición:30a reimp.
Series:Colección Torre de Papel. Serie amarilla
Materias:
Etiquetas: Agregar Etiqueta
Sin Etiquetas, Sea el primero en etiquetar este registro!
LEADER 01576nam a22002655a 4500
001 CEM.cems011705
008 130507s2004##################000#0#####d
005 20221124100327.0
245 1 0 |a Mitos griegos /  |c Mary Pope Osborne ; traducido por Luz Amorocho ; ilustrado por Patricia Rodríguez. 
250 |a 30a reimp. 
260 |a Colombia :  |b Norma,  |c 2004. 
300 |a 122 p. 
490 0 |a Colección Torre de Papel. Serie amarilla 
505 0 |a El carro del dios Sol : la historia de Faetón y Helios -- El toque dorado : la historia de Baco y el Rey Midas -- Perdido en el mar : la historia de Minerva y Aracne -- El árbol de Apolo : la historia de Dafne y Apolo -- El rostro del estanque : la historia del Eco y Narciso -- El rapto : la historia de Ceres y Proserpina -- La Osa Mayor : la historia de Calisto y Arcas -- Viaje al Averno : la historia de Orfeo y Eurídice -- Las manzanas de oro : la historia de Atalanta e Hipómenes -- Las cuatro tareas : la historia de Cupido y Psique -- Los visitantes misteriosos : la historia de Baucis y Filermón -- Dioses, diosas y mortales : los olímpicos, dioses y diosas más importantes -- Otros dioses y diosas -- Los mortales 
020 |a 9580428638 
100 1 |a Osborne, Mary Pope 
700 1 |a Amorocho, Luz, trad. 
700 1 |a Rodríguez, Patricia, il. 
082 0 4 |a 888 
653 |a Literatura 
653 |a Literatura juvenil 
653 |a Mitos 
653 |a Mitos griegos 
859 |a CEMS  |b BIB. CEMS - Inicial y Primaria  |h 888  |i Os1  |k IP  |p 6126  |t Ej.1 
859 |a CEMS  |b BIB. CEMS - 11 de abril  |h 888  |i Os1  |p 22658.04  |t Ej.1